| 000 | 00824nam a22002057a 4500 | ||
|---|---|---|---|
| 999 |
_c20312 _d20312 |
||
| 003 | AR-CdUCM | ||
| 008 | 190528b ||||| |||| 00| 0 spa d | ||
| 040 |
_aMUNICIPALIDAD PROVINCIAL DEL CUSCO _cBIBLIOTECA MUNICIPAL DEL CUSCO |
||
| 082 |
_a580 / _bF98 |
||
| 100 |
_aFuster Patricio, Estevan _942463 |
||
| 245 |
_aBotánica : _bDe acuerdo con el programa de primer año del ciclo básico y de las escuelas de comercio / |
||
| 260 |
_aBuenos Aires : _bKapeluz, _c1965. |
||
| 300 |
_a258 páginas ; _bilustraciones a color, _c22 cm. |
||
| 505 | _aContenido: Los órganos de las plantas con flores -- Como nacen las plantas. la semilla -- Como crecen y se nutren las plantas... | ||
| 650 |
_aLas plantas _924134 |
||
| 650 |
_aBotánica _92790 |
||
| 650 |
_aTejidos vegetales _942464 |
||
| 942 |
_2ddc _cLIBROS |
||
| 945 | _aAndy | ||